Регионална библиотека "Любен Каравелов" - Русе

Правила на Европейския съд по правата на човека (Запис номер 105631)

MARC детайли
000 -Лидер
Контролно поле с фиксирана дължина 02283nam a2200397 c 4500
003 - Код на организацията, давaща контролен номер
Контролно поле BLK
005 - Дата и час на последна редакция
Контролно поле 20240405164840.0
008 - Елементи от данни с фиксирана дължина
fixed length control field 180409b bul|||||r ||||||| ||bul||
010 ## - Наследен системен номер
LC control number KNG00110856000
020 ## - Международен стандартен номер на книга ISBN
Международен стандартен номер на книга ISBN 954-649-472-0
-- издат.: Сиела Софт енд Паблишинг
040 ## - Източник на каталожния запис
Идентификатор на билиотеката - собственик на записа BLK
041 ## - Код за език
Код за езика на текст/звукозапис или на отделно заглавие Български
Код за езика КДБФ Български
080 ## - УДК
Текстов определител УДК Международен арбитраж - Международна подсъдност, международни спорове, мирни принудителни мерки, международни съдилища(напр. Европейски съд) и др.
УДК код - определител по УДК 341.6
УДК определител (4)
УДК - код + определител 341.6(4)
080 ## - УДК
Текстов определител УДК Основни права. Права на човека. Права и задължения на гражданите. Право на информация, на убежище. Принадлежност към държава, свобода на личността, гражданскоправно, политическо равенство, на
УДК код - определител по УДК 342.7
УДК определител (4)
УДК - код + определител 342.7(4)
139 ## - Редно поле
Редна дума Европейски съд по правата на човека. Страсбург
Авторски знак Еври - Е 20
245 10 - Сведения за заглавието
Заглавие Правила на Европейския съд по правата на човека
Подзаглавни данни Текст и комент.
Редно поле (дума) състав. и комент. Стоян Терзийски.
257 ## - Страна на издаване
Страна на създаване/издаване България
260 ## - Област на издателските данни
-- София
Име на издателя, разпространителя и проч. Сиела Софт енд Паблишинг
Година на издаване 2002
300 ## - Физическа характеристика
Страници 119 с.
Размери/Мащаб 16 см
380 ## - Жанр
Жанр Обществени науки
500 ## - Общи забележки
Забележка Офс. изд. - 300 тир.
650 #4 - Допълнително описание по предмет – тема
Основно описание – тема или топоним Международни съдилища - Европа
9 (RLIN) 267153
650 #4 - Допълнително описание по предмет – тема
Основно описание – тема или топоним Права на човека - Европа
9 (RLIN) 244618
653 ## - Ключова дума – ненормативна
Ключова дума права на човека
653 ## - Ключова дума – ненормативна
Ключова дума Европейски съд по правата на човека
653 ## - Ключова дума – ненормативна
Ключова дума международни съдилища
653 ## - Ключова дума – ненормативна
Ключова дума Европа
700 1# - Други автори (авторска отговорност)
Лично име Терзийски, Стоян
Автороска отговорност (Описва отношението между автора и произведението) състав. и комент.
9 (RLIN) 372123
710 1# - Име на организация или юридическо лице като допълнителен термин за търсене
Наименование на организация или юридическо лице като редна дума Европейски съд по правата на човека. Страсбург
9 (RLIN) 270230
852 ## - Местоположение
Форматна сигнатура Цб І 31093
856 4# - Електронен адрес и достъп
Електронен формат pdf - файл
Път до файла /url/
856 4# - Електронен адрес и достъп
Електронен формат pdf - файл
Път до файла /url/
942 ## - АРТИКУЛИ
Вид на библиотечния материал Книги
Скрит в OPAC Не
Koha issues (borrowed), all copies 3
944 ## - СЪЗДАВАНЕ И РЕДАКЦИЯ на ЗАПИСА
Създаване/Редакция Създаване
Дата на регистрацията/редакция 04.02.2004
Служител, извършил регистрацията/редакцията 30564
Статус, дата на статуса Галина Якимова
944 ## - СЪЗДАВАНЕ И РЕДАКЦИЯ на ЗАПИСА
Създаване/Редакция Редакция
Дата на регистрацията/редакция 29.03.2004
Служител, извършил регистрацията/редакцията
999 ## - СИСТЕМНИ КОНТРОЛНИ НОМЕРА
Koha biblionumber 105631
Koha biblioitemnumber 105631
Наличности
Код за отписване Код за изгубен артикул Код за повреда Коз за рестрикции Код за отдаване Артикулен № Име на библиотеката - собственик Име на библиотеката, в която се намира в момента Статус (Текущо местоположение) Дата на вписване в системата Местоположение - отдел Цена в лева Инвентарен номер Систематично азбучна сигнатура Баркод Номер на екземпляра Цена в евро Служебна бележка Служебен тип на артикула
  Не е изгубен Не е повреден без рестрикции ползва се в читалня 170519 Регионална библиотека "Любен Каравелов" Русе Регионална библиотека "Любен Каравелов" Русе Хранилище 2004-02-04 Хранилище 5.00 120000682352 Цб I 31093 120000682352 1 2.56 Дост: Dp Вид: Д N: 8 Дата: 05.02.2003 Книги
  Не е изгубен Не е повреден без рестрикции заемане за дома 170520 Регионална библиотека "Любен Каравелов" Русе Регионална библиотека "Любен Каравелов" Русе Заемна - подръчен фонд 2004-03-19 Заемна - подръчен фонд 5.00 120000683784 П 341/Е 20 120000683784 2 2.56 Дост: Pk Вид: Ф N: 8866 Дата: 16.03.2004 Дата инв: 06.02.2018 Бележки инв: П2018 Книги
Vip Innovations Ltd, Rousse, Bulgaria 2025